Statistiques concernant Pays par images satellites n°2

Cliquez ici pour prendre le quiz!

Statistiques générales

  • Ce quiz a été pris 4 972 fois
  • Le résultat moyen est 10 sur 16

Statistiques - réponses

Réponse% Correct
Égypte
98%
Afrique du Sud
96%
Chypre
92%
Cuba
82%
Iran
78%
Israël
66%
Pays-Bas
65%
Népal
65%
Finlande
58%
Bangladesh
54%
Corée du Nord
52%
Équateur
48%
Koweït
44%
Singapour
42%
Bahreïn
39%
Guinée-Bissau
24%

Distribution des résultats

Percentile par nombre de réponses

% des personnes avec chaque résultat

Votre développement - résultats

Vous n’avez pas pris ce quiz